Estudio de prefactibilidad para la creación de biodiesel aparte de aceite quemado en el restaurante Tip - Top, Estelí, Nicaragua

Presenta elementos básicos del proceso que tiene como fin la obtención de biodiesel a partir de aceite quemado del restaurante Tip - Top. Muestra los requerimientos para hacerlo funcionable y un panorama de minimización de costos energéticos para la empresa.

Bibliographic Details
Main Authors: García Sánchez, Eduar Gilberto, Alfaro López, Yessu Adiath., Ruiz Ortega, Manuel Esteban
Other Authors: Tutor: López Artola, Fernando José
Format: Tesis Section = Libro
Language:Undetermined
Spanish
Published: Managua UNI 2012
Subjects:
LEADER 01172nam a2200265Ia 4500
008 240830s9999 xx 000 0 und d
040 |a BIBLIOTECA-RUPAP Mon 665.5384 G216 
041 |a spa 
082 |a Mon 665.5384 G216 
100 1 |a García Sánchez, Eduar Gilberto 
100 1 |b  Alfaro López, Yessu Adiath. 
100 1 |c Ruiz Ortega, Manuel Esteban 
245 1 0 |a Estudio de prefactibilidad para la creación de biodiesel aparte de aceite quemado en el restaurante Tip - Top, Estelí, Nicaragua 
260 |a Managua  |b UNI  |c 2012 
300 |a 280 p. :il. 
500 |a Contiene: anexos e Incluye: CD. 
502 |a Tesis (Ingeniero Industrial)- UNI, 2012. 
520 3 |a Presenta elementos básicos del proceso que tiene como fin la obtención de biodiesel a partir de aceite quemado del restaurante Tip - Top. Muestra los requerimientos para hacerlo funcionable y un panorama de minimización de costos energéticos para la empresa. 
650 7 |a COMBUSTIBLE - DIESEL 
650 7 |b PRODUCCION DE BIODIESEL 
650 7 |c APROVECHAMIENTO DE RESIDUOS. 
700 1 |a Tutor:  |b López Artola, Fernando José 
942 |c BK  |2 ddc 
991 |a TESIS 
999 |c 17753